000 02665nam a2200337Ia 4500
999 _c42027
_d42027
001 8717
003 GE_BSU
005 20240603105158.0
008 181216s2012||||ge |||||||||||||| ||geo||
020 _a9789941434112
040 _cGE_BSU
041 _ageo
080 _a910.4(460) მ–31
100 _aმარი, ნიკო
_9109
245 _aშავშეთსა და კლარჯეთში მოგზაურობის დღიურები /
_cნიკო მარი ; რუსულიდან თარგმნა რევაზ დიასამიძემ ; გამოკვლევა, შენიშვნები დაურთო და საერთო რედაქცია გაუკეთა მამია ფაღავამ ; შოთა რუსთაველის სახელმწიფო უნივესიტეტი, ქართველოლოგიის ინსტიტუტი.
264 _aბათუმი :
_bშოთა რუსთაველის სახ. უნ–ტი,
_c2012.
300 _a483 გვ. ;
_c20 სმ.
490 _aისტორიული სამხრეთ საქართველოს ყოფა და კულტურა / ტომის რედაქტორი მალხაზ ჩოხარაძე
_v1
500 _aთავფურცლის მე-2 გვერდი რუსულ ენაზე
500 _aფოტოსურათები : გვ. 425-482
500 _aშენიშვნები გვ. 424
504 _a ბიბლიოგრაფია ტექსტის შენიშვნებში
541 _h10ლ.
653 _aშავშეთსა და კლარჯეთში მოგზაურობის დღიურები
653 _aშავშეთი (საქართველოს ისტორიულ-გეოგრაფიული მხარე თურქეთში) -- მოგზაურობის დღიური.
653 _aკლარჯეთი (საქართველოს ისტორიულ-გეოგრაფიული მხარე თურქეთში) -- მოგზაურობის დღიური
700 _aდიასამიძე, რევაზ
_eმთარგმნელი
_9111
700 _aფაღავა, მამია
_eრედაქტორი
_922281
700 _aჩოხარაძე, მალხაზ
_eტომის რედაქტორი
_922282
942 _cBK
_2udc